000 00621cam a2200217 4500500
005 20260405003315.0
041 _afre
042 _adc
100 1 0 _aPortevin, Catherine
_eauthor
245 0 0 _aL’Économie à venir
260 _c2021.
500 _a48
690 _aAfrique
690 _aÉconomie
690 _aFelwine Sarr
690 _aHospitalité
690 _aMathématiques
690 _aThéologie
786 0 _nPhilosophie magazine | 150 | 6 | 2021-06-01 | p. 81-81 | 1951-1787
856 4 1 _uhttps://shs.cairn.info/magazine-philosophie-magazine-2021-6-page-81?lang=fr&redirect-ssocas=7080
999 _c2066330
_d2066330